Normal view
MARC view
Entry Término temático
001 - NÚMERO DE CONTROL
- campo de control: 76850
003 - IDENTIFICADOR DEL NÚMERO DE CONTROL
- campo de control: OSt
005 - FECHA Y HORA DE LA ÚLTIMA TRANSACCIÓN
- campo de control: 20201012115350.0
008 - DATOS DE LONGITUD FIJA
- campo de control de longitud fija: 201012|| aca||aabn | a|a d
040 ## - FUENTE DE LA CATALOGACIÓN
- Centro catalogador/agencia de origen: OSt
- Centro/agencia transcriptor: OSt
150 ## - ENCABEZAMIENTO--TÉRMINO DE MATERIA
- Término de materia o nombre geográfico como elemento de entrada: Windows 97 (Programa para computador)
- Subdivisión de forma: Manuales
670 ## - FUENTE DE DATOS ENCONTRADOS
- Cita de la fuente: Work cat.: (OSt)40321: Peralta Felipe 67253, Manual de word 97 /, 1999
